| 000 | 01249nam0a22002891 4500 | ||
|---|---|---|---|
| 001 | v19\rc\1792860 | ||
| 005 | 20250619080715.0 | ||
| 035 | _a(NLR Aleph) 004883999 | ||
| 090 |
_a5200131 _c5200131 |
||
| 100 | _a20061204e19051905|||y0rusy50 ca | ||
| 101 | 0 | _arus | |
| 102 | _aRU | ||
| 105 | _ay z ||||| | ||
| 200 | 1 |
_aО современном церковном пении _e(Отрывок из неоконч. соч.: "Просветительно-воспитательное значение православного богослужения и способ ведения его в настоящее время") _f[С.А.] |
|
| 210 |
_a[Нижний Новгород _d1905] |
||
| 215 | _a6 с. | ||
| 300 | _aВ конце текста: С.А. | ||
| 309 | _aБез тит. л. и обл. | ||
| 311 | _aПерепеч. из № 9 "Нижег. еп. вед." за 1905 г. | ||
| 488 | 0 |
_12001#$aНижегородские епархиальные ведомости$v1905, № 9 _tНижегородские епархиальные ведомости |
|
| 702 | 0 |
_aС.А. _4220 |
|
| 801 | 0 |
_aRU _bNLR _gpsbo |
|
| 801 | 0 |
_aRU _bRuMoRGB _2psbo |
|
| 801 | 1 |
_aRU _bProSoft-M _2rusmarc |
|
| 852 |
_aNLR _j34.53.5.166 |
||
| 942 | _cBOOK | ||
| 980 | _aNB | ||